[Event "C.to Mondiale U12"]
[Site "Maribor SLO"]
[Date "2012.11.08"]
[Round "1"]
[White "Chandna, Priyav"]
[Black "Moroni, Luca jr"]
[WhiteElo "1759"]
[BlackElo "2127"]
[Result "1-0"]
[PlyCount "111"]
[EventDate "2012.11.08"]

1. e4 c5 2. Nf3 d6 3. d4 cxd4 4. Qxd4 Nc6 5. Bb5 Bd7 6. Bxc6 Bxc6 7. Nc3 Nf6 8.
Bg5 e6 9. O-O-O Be7 10. Rhe1 Qb6 11. Qd2 h6 12. Bxf6 gxf6 13. Nd4 O-O-O 14.
Nxc6 bxc6 15. Re3 Qa6 16. Kb1 Kb8 17. Qd3 Qxd3 18. Rdxd3 Rhg8 19. g3 Kc7 20.
Ne2 Rb8 21. Nd4 Rb6 22. Ra3 a6 23. Rac3 Rgb8 24. b3 Bf8 25. a4 c5 26. f4 Rb4
27. Ne2 Rxa4 28. f5 d5 29. exd5 exd5 30. Rcd3 d4 31. Re4 Rab4 32. Nf4 Kd6 33.
Nh5 Be7 34. Rd2 a5 35. Rde2 R8b7 36. Ng7 Bf8 37. Ne8+ Kc6 38. Nxf6 Bg7 39. Nh5
d3 40. Rxb4 axb4 41. cxd3 Bc3 42. f6 Rd7 43. Kc2 Kd6 44. Ng7 Kc6 45. Nh5 Ra7
46. Re7 Ra2+ 47. Kd1 Rd2+ 48. Kc1 Rxh2 49. g4 Rb2 50. Rxf7 Rxb3 51. Rc7+ Kxc7
52. f7 Ra3 53. f8=Q Kc6 54. Qxh6+ Kb5 55. Qe6 b3 56. Qc4+ 1-0

[Event "C.to Mondiale U12"]
[Site "Maribor SLO"]
[Date "2012.11.08"]
[Round "1"]
[White "Elistratov, Semen"]
[Black "Arbore, Daniele"]
[WhiteElo "2031"]
[BlackElo "1663"]
[Result "1-0"]
[PlyCount "77"]
[EventDate "2012.11.08"]

1. e4 e5 2. Nf3 Nc6 3. Bb5 a6 4. Ba4 Nf6 5. O-O b5 6. Bb3 Bc5 7. c3 d6 8. a4
Bb7 9. d3 h6 10. Re1 O-O 11. Nbd2 d5 12. exd5 Nxd5 13. Ne4 Be7 14. Ng3 Bf6 15.
Nh5 Be7 16. Nxe5 Nxe5 17. Rxe5 Bd6 18. Rxd5 Bxd5 19. Bxd5 Bxh2+ 20. Kxh2 Qxd5
21. Bxh6 Rfd8 22. Bxg7 Qxd3 23. Qxd3 Rxd3 24. axb5 Rd6 25. Bd4 f5 26. Kg3 Kf7
27. Kf4 Kg6 28. Ng3 a5 29. Nxf5 Rf8 30. g4 Ra8 31. Nxd6 cxd6 32. b6 Kf7 33. c4
Ke7 34. Rxa5 Rb8 35. Ra7+ Ke6 36. Ke4 d5+ 37. cxd5+ Kd6 38. Be5+ Kc5 39. Bxb8
1-0

[Event "C.to Mondiale U12"]
[Site "Maribor SLO"]
[Date "2012.11.08"]
[Round "1"]
[White "Markosek, Maj"]
[Black "Carnicelli, Valerio"]
[WhiteElo "1626"]
[BlackElo "2008"]
[Result "0-1"]
[PlyCount "66"]
[EventDate "2012.11.08"]

1. e4 e5 2. Nf3 Nc6 3. Bb5 f5 4. d3 fxe4 5. dxe4 Nf6 6. Nc3 Bb4 7. Qd3 d6 8.
O-O Bxc3 9. Qxc3 Bd7 10. Re1 O-O 11. Bc4+ Kh8 12. Bg5 Qe8 13. Nh4 Nd4 14. Qd2
Ne6 15. Nf5 Nxe4 16. Rxe4 Rxf5 17. Bh4 Nf4 18. Rae1 Bc6 19. Rxf4 Rxf4 20. Qxf4
exf4 21. Rxe8+ Rxe8 22. Kf1 d5 23. Bd3 h6 24. f3 a6 25. Bf2 Bb5 26. Bxb5 axb5
27. a3 b6 28. g3 fxg3 29. hxg3 c5 30. g4 d4 31. f4 Re4 32. Bg3 c4 33. Kf2 d3
0-1

[Event "C.to Mondiale U12"]
[Site "Maribor SLO"]
[Date "2012.11.09"]
[Round "2"]
[White "Carnicelli, Valerio"]
[Black "Elancheralathan, P."]
[WhiteElo "2008"]
[BlackElo "1830"]
[Result "0-1"]
[PlyCount "72"]
[EventDate "2012.11.08"]

1. e4 d5 2. exd5 Nf6 3. d4 Nxd5 4. c4 Nb6 5. Nf3 Bg4 6. Be2 Nc6 7. Be3 g6 8. h3
Bxf3 9. Bxf3 Nxc4 10. Qa4 Nb6 11. Bxc6+ bxc6 12. Qxc6+ Qd7 13. Qxd7+ Kxd7 14.
Nd2 e6 15. Ke2 Bg7 16. Rhd1 Rhb8 17. Rac1 Nd5 18. b3 f5 19. f4 Nb4 20. a3 Nd5
21. Kd3 Bf8 22. Ra1 Bh6 23. g3 g5 24. Rf1 gxf4 25. gxf4 Rg8 26. Rf3 Rab8 27.
Rb1 Rg2 28. Re1 Bf8 29. Ra1 c5 30. dxc5 Nxe3 31. Rxe3 Bxc5 32. Re5 Rg3+ 33. Kc4
Bd6 34. Ra5 Rc8+ 35. Kd4 Rcc3 36. Rxa7+ Ke8 0-1

[Event "C.to Mondiale U12"]
[Site "Maribor SLO"]
[Date "2012.11.09"]
[Round "2"]
[White "Moroni, Luca jr"]
[Black "Alboni, Denis-Dean"]
[WhiteElo "2127"]
[BlackElo "1542"]
[Result "1-0"]
[PlyCount "67"]
[EventDate "2012.11.08"]

1. Nf3 c5 2. c4 g6 3. d4 Bg7 4. Nc3 Nc6 5. d5 Ne5 6. Nxe5 Bxe5 7. g3 d6 8. Bg2
Bg7 9. e4 Nf6 10. f4 Qc7 11. Qd3 Bd7 12. h3 O-O-O 13. Be3 Qa5 14. a3 Ne8 15.
O-O h5 16. Rfb1 f5 17. b4 Qc7 18. e5 dxe5 19. bxc5 e4 20. Qd2 h4 21. Rb3 e6 22.
Rab1 exd5 23. Rxb7 Qxb7 24. Rxb7 Kxb7 25. cxd5 Rc8 26. Bf1 Kc7 27. Qb2 Ra8 28.
d6+ Kd8 29. Qb7 Rc8 30. Bb5 Nc7 31. Bxd7 Kxd7 32. Nd5 Ke6 33. Nxc7+ Kf6 34.
Bd4+ 1-0

[Event "C.to Mondiale U12"]
[Site "Maribor SLO"]
[Date "2012.11.10"]
[Round "3"]
[White "Brandis, Benjamin"]
[Black "Carnicelli, Valerio"]
[WhiteElo "1712"]
[BlackElo "2008"]
[Result "0-1"]
[PlyCount "54"]
[EventDate "2012.11.08"]

1. e4 e5 2. Nf3 Nc6 3. d4 exd4 4. Nxd4 Nf6 5. Nc3 Bb4 6. Nxc6 bxc6 7. Bd3 d5 8.
exd5 cxd5 9. O-O O-O 10. h3 c6 11. Bf4 Bd6 12. Bg5 Rb8 13. Na4 h6 14. Bh4 Rb4
15. Bxf6 Qxf6 16. c3 Rh4 17. Bc2 Qe5 18. f4 Qe3+ 19. Rf2 Bxf4 20. Qf3 Qe5 21.
Re2 Qg5 22. Kh1 g6 23. Nc5 Bg4 24. Qd3 Bxe2 25. Qxe2 Qg3 26. Kg1 Rxh3 27. Nd3
Rh1+ 0-1

[Event "C.to Mondiale U12"]
[Site "Maribor SLO"]
[Date "2012.11.10"]
[Round "3"]
[White "Dahl, Trygve"]
[Black "Moroni, Luca jr"]
[WhiteElo "1762"]
[BlackElo "2127"]
[Result "0-1"]
[PlyCount "94"]
[EventDate "2012.11.08"]

1. e4 c5 2. c3 Nf6 3. e5 Nd5 4. d4 Nc6 5. Nf3 cxd4 6. cxd4 d6 7. Bc4 Nb6 8. Bb3
e6 9. O-O Be7 10. Qe2 O-O 11. Nc3 a5 12. a3 a4 13. Bc2 d5 14. Qd3 g6 15. Bh6
Re8 16. Nd2 Bd7 17. g3 Na5 18. h4 Nac4 19. Rab1 Nxd2 20. Bxd2 Nc4 21. h5 Kg7
22. Kg2 Nxd2 23. Qxd2 Qa5 24. Rh1 Rh8 25. hxg6 hxg6 26. Rxh8 Rxh8 27. Rh1 Rxh1
28. Kxh1 b5 29. Ne4 Qc7 30. Qc3 Qxc3 31. Nxc3 f6 32. Kg2 fxe5 33. dxe5 Bc5 34.
f4 Be3 35. Kf3 Bc1 36. Nd1 Be8 37. Bd3 Kh6 38. Nc3 b4 39. axb4 Bxb2 40. Na2 Bd4
41. Kg4 Bc6 42. Kf3 a3 43. b5 Bb7 44. Bc2 Bc5 45. Bb1 g5 46. Bd3 d4+ 47. Be4
g4+ 0-1

[Event "C.to Mondiale U12"]
[Site "Maribor SLO"]
[Date "2012.11.11"]
[Round "4"]
[White "Carnicelli, Valerio"]
[Black "Turar, Dastan"]
[WhiteElo "2008"]
[BlackElo "1790"]
[Result "1-0"]
[PlyCount "73"]
[EventDate "2012.11.08"]

1. e4 e5 2. Nf3 Nc6 3. Bc4 Bc5 4. b4 Bxb4 5. c3 Ba5 6. d4 exd4 7. Qb3 Qe7 8.
O-O Bb6 9. cxd4 Nxd4 10. Nxd4 Bxd4 11. Nc3 Nf6 12. Ba3 d6 13. Rad1 Bxc3 14.
Qxc3 O-O 15. Rfe1 Ng4 16. Qg3 Ne5 17. Bb3 Qf6 18. f4 Ng6 19. f5 Ne5 20. Bc1 h6
21. Qc3 Qe7 22. Rf1 Ng4 23. Qg3 h5 24. h3 Qe5 25. Bf4 Qc5+ 26. Kh1 Nf6 27. Bh6
Ne8 28. Bxg7 h4 29. Qg5 Nxg7 30. Rd5 Qc3 31. f6 Qg3 32. fxg7 Re8 33. Qh6 f6 34.
Rd3+ Be6 35. Rxg3 hxg3 36. Rxf6 Bxb3 37. Qh8# 1-0

[Event "C.to Mondiale U12"]
[Site "Maribor SLO"]
[Date "2012.11.11"]
[Round "4"]
[White "Moroni, Luca jr"]
[Black "Konaplev, Anton"]
[WhiteElo "2127"]
[BlackElo "1873"]
[Result "1/2-1/2"]
[PlyCount "76"]
[EventDate "2012.11.08"]

1. Nf3 d5 2. c4 e6 3. g3 c5 4. Bg2 Nf6 5. O-O Nc6 6. cxd5 exd5 7. d4 c4 8. Ne5
Be7 9. Nc3 O-O 10. Nxc6 bxc6 11. h3 Bb4 12. Na4 Ba6 13. a3 Be7 14. b4 Bc8 15.
Qc2 a5 16. Bd2 axb4 17. axb4 Be6 18. Ra2 Qc7 19. Rfa1 Qb7 20. Bc3 Nd7 21. e3
Ra7 22. Nc5 Bxc5 23. dxc5 Rfa8 24. e4 Rxa2 25. Rxa2 Rxa2 26. Qxa2 d4 27. Bxd4
Qxb4 28. Qa1 f6 29. h4 Kf7 30. e5 fxe5 31. Bxe5 Nxe5 32. Qxe5 c3 33. Qc7+ Kf6
34. Qd8+ Kg6 35. Qe8+ Kf6 36. Qf8+ Kg6 37. Qe8+ Kf6 38. Qd8+ Kg6 1/2-1/2

[Event "C.to Mondiale U12"]
[Site "Maribor SLO"]
[Date "2012.11.12"]
[Round "5"]
[White "Wong, Yee Chit"]
[Black "Moroni, Luca jr"]
[WhiteElo "1863"]
[BlackElo "2127"]
[Result "1-0"]
[PlyCount "133"]
[EventDate "2012.11.08"]

1. d4 d5 2. c4 e6 3. Nf3 Nf6 4. e3 c6 5. Bd3 Nbd7 6. O-O a6 7. b3 Be7 8. Bb2
O-O 9. Nc3 b5 10. Qc2 Bb7 11. c5 a5 12. a3 Qc7 13. b4 axb4 14. axb4 g6 15. h3
Rxa1 16. Rxa1 Ra8 17. Rxa8+ Bxa8 18. Qb1 Bf8 19. Ne2 Bg7 20. Ne5 Bb7 21. f4 Ne8
22. Qa1 f5 23. Nxd7 Qxd7 24. Nc1 Nf6 25. Ne2 h6 26. Nc3 g5 27. g3 Qc7 28. Kg2
Bc8 29. Be2 Bd7 30. Qb1 Be8 31. Qd1 Qb8 32. Kf2 Bg6 33. Kg2 Qe8 34. Kf2 Bf8 35.
Kg2 Be7 36. Nb1 Bh5 37. Bxh5 Nxh5 38. Kh2 Qg6 39. Qg1 Nf6 40. Qd1 h5 41. Nd2 h4
42. fxg5 hxg3+ 43. Kg2 Qxg5 44. Qf3 Nh5 45. Nf1 Qg6 46. Bc3 Bd8 47. Be1 Bc7 48.
Nxg3 Bxg3 49. Bxg3 Qg5 50. h4 Qg4 51. Qxg4+ fxg4 52. Be5 Kf7 53. Kf2 Ke7 54.
Kg2 Ke8 55. Kf1 Kf7 56. Kf2 Kg6 57. Kg2 Kh6 58. Kf2 Kh7 59. Kf1 Kg6 60. Kg2 Kf5
61. Kf2 Ke4 62. Bc7 Kd3 63. Bd8 Kd2 64. Bc7 Kc2 65. Bd8 Kd2 66. Bc7 Kd3 67. Bd8
1-0

[Event "C.to Mondiale U12"]
[Site "Maribor SLO"]
[Date "2012.11.12"]
[Round "6"]
[White "Moroni, Luca jr"]
[Black "Zamar Kodelja, Jurij"]
[WhiteElo "2127"]
[BlackElo "1774"]
[Result "1-0"]
[PlyCount "125"]
[EventDate "2012.11.08"]

1. Nf3 Nf6 2. c4 g6 3. b3 Bg7 4. Bb2 d6 5. d4 O-O 6. g3 c5 7. Bg2 Nbd7 8. O-O
Rb8 9. Nc3 a6 10. a4 b6 11. Qd2 Bb7 12. d5 Ng4 13. h3 Nge5 14. Ne1 Nf6 15. f4
Ned7 16. e4 Ne8 17. Bf3 Bc8 18. Kg2 Nc7 19. Be2 Ne8 20. Nf3 e5 21. f5 Qe7 22.
Bd3 Nc7 23. Rae1 Bb7 24. g4 h6 25. h4 Qd8 26. Ne2 Bc8 27. Ng3 b5 28. axb5 axb5
29. g5 h5 30. f6 Bh8 31. Qc2 b4 32. Ra1 Re8 33. Ra2 Nf8 34. Rfa1 Rb7 35. Nh2
Qd7 36. Nf3 Nh7 37. Bf1 Qd8 38. Bc1 Bg4 39. Nh2 Bc8 40. Ra7 Qd7 41. Nf3 Rd8 42.
Qa2 Ne8 43. Bb2 Rxa7 44. Qxa7 Nf8 45. Qb6 Qc7 46. Qxc7 Nxc7 47. Ra7 Ne8 48. Kf2
Bg4 49. Be2 Bxf3 50. Bxf3 Rb8 51. Kg2 Rc8 52. Ne2 Nc7 53. Kg3 Ne8 54. Bg2 Rb8
55. Nc1 Rd8 56. Nd3 Rb8 57. Bh3 Rd8 58. Nxe5 dxe5 59. Bxe5 Bxf6 60. gxf6 Nh7
61. Be6 Nexf6 62. Rxf7 Rf8 63. Rxf6+ 1-0

[Event "C.to Mondiale U12"]
[Site "Maribor SLO"]
[Date "2012.11.12"]
[Round "6"]
[White "Nitish, Belurkar"]
[Black "Carnicelli, Valerio"]
[WhiteElo "1846"]
[BlackElo "2008"]
[Result "1/2-1/2"]
[PlyCount "81"]
[EventDate "2012.11.08"]

1. d4 d5 2. Nf3 e6 3. e3 Nf6 4. Bd3 c5 5. c3 Nbd7 6. Nbd2 b6 7. e4 dxe4 8. Nxe4
Qc7 9. Nxf6+ gxf6 10. O-O Bb7 11. Qe2 O-O-O 12. Ba6 Bd6 13. Bxb7+ Qxb7 14. a4
e5 15. a5 Rde8 16. dxc5 bxc5 17. Nd2 e4 18. Nc4 Bc7 19. b4 Ne5 20. Nxe5 Bxe5
21. Bb2 Rhg8 22. a6 Qc7 23. g3 e3 24. Qb5 cxb4 25. Ra4 exf2+ 26. Rxf2 Bxg3 27.
Qb7+ Kd8 28. Qxc7+ Bxc7+ 29. Kf1 Bb6 30. Rxb4 Bxf2 31. Kxf2 Rg5 32. Rb8+ Kd7
33. Rb7+ Ke6 34. Rxa7 Rf5+ 35. Ke2 Kd5+ 36. Kd3 Rf3+ 37. Kc2 Rf2+ 38. Kb3 Rxh2
39. Rxf7 Ke6 40. Rb7 Rd2 41. c4 1/2-1/2

[Event "C.to Mondiale U12"]
[Site "Maribor SLO"]
[Date "2012.11.12"]
[Round "6"]
[White "Rathnayake, K.G."]
[Black "Arbore, Daniele"]
[WhiteElo "1465"]
[BlackElo "1663"]
[Result "1-0"]
[PlyCount "111"]
[EventDate "2012.11.08"]

1. e4 e5 2. Nc3 Nc6 3. f4 exf4 4. Nf3 Nge7 5. d4 d5 6. Bxf4 dxe4 7. Nxe4 Nd5 8.
Bg3 Bf5 9. Bd3 Bxe4 10. Bxe4 Bb4+ 11. c3 Nxc3 12. bxc3 Bxc3+ 13. Kf2 Nxd4 14.
Bxb7 Rb8 15. Qa4+ Qd7 16. Qxd7+ Kxd7 17. Rac1 Rxb7 18. Rxc3 Rb2+ 19. Ke3 Nf5+
20. Kf4 Nxg3 21. Kxg3 Re8 22. Rd1+ Kc8 23. Rd2 Rb6 24. Rdc2 Re7 25. h3 h5 26.
Nd4 h4+ 27. Kxh4 Re4+ 28. g4 Rxd4 29. Rxc7+ Kd8 30. Rxf7 Rh6+ 31. Kg5 Rd5+ 32.
Rf5 Rd4 33. Rb2 Rxh3 34. Rb7 Ke8 35. Rxa7 Rg3 36. Rf4 Rd5+ 37. Kh4 Rg2 38. Rb4
Rd6 39. Rb8+ Rd8 40. Rxd8+ Kxd8 41. a3 Ra2 42. Kg5 Ke8 43. Kg6 Kf8 44. Ra8+ Ke7
45. Kxg7 Rg2 46. Ra4 Rg3 47. Kg6 Ke6 48. g5 Rh3 49. Ra5 Rh8 50. Kg7 Rh5 51.
Ra6+ Kf5 52. g6 Rh3 53. Kf7 Rh6 54. Ra5+ Ke4 55. g7 Rh7 56. Kf8 1-0

[Event "C.to Mondiale U12"]
[Site "Maribor SLO"]
[Date "2012.11.14"]
[Round "7"]
[White "Carnicelli, Valerio"]
[Black "Batashevs, Arsens"]
[WhiteElo "2008"]
[BlackElo "1829"]
[Result "1-0"]
[PlyCount "121"]
[EventDate "2012.11.08"]

1. e4 d5 2. exd5 Qxd5 3. Nc3 Qa5 4. d4 c6 5. Nf3 Nf6 6. Ne5 Bf5 7. g4 Be6 8.
Bc4 Nbd7 9. Qe2 Nxe5 10. Bxe6 Ng6 11. Bb3 e6 12. Bd2 Bb4 13. O-O-O Bxc3 14.
bxc3 O-O-O 15. Kb2 Qc7 16. h4 h5 17. g5 Nd5 18. Qe4 Nde7 19. Bc1 Rhe8 20. Qf3
Nf5 21. Qxh5 Nfxh4 22. Qg4 Nf5 23. Rh3 Rh8 24. Rdh1 Qd6 25. Rxh8 Rxh8 26. Rxh8+
Nxh8 27. Bf4 Qe7 28. Bh2 Ng6 29. Bc4 Kd7 30. Bd3 Ngh4 31. a3 g6 32. Bb8 Kc8 33.
Qf4 a6 34. Be5 Kd7 35. c4 Ng2 36. Qd2 b6 37. c5 bxc5 38. dxc5 Qxc5 39. Bc3 Qd5
40. f3 Ngh4 41. Qe2 c5 42. Bxa6 Nxf3 43. Bb5+ Kd6 44. a4 N5d4 45. Qf1 Nxg5 46.
Qf6 Nc6 47. Qh8 Nd4 48. Qf8+ Ke5 49. Qb8+ Kf5 50. a5 Nxb5 51. Qxb5 c4 52. Qxd5+
exd5 53. a6 Ne6 54. Ba5 g5 55. a7 g4 56. a8=Q Ke4 57. Qg8 Kf3 58. Qxf7+ Nf4 59.
Bc7 g3 60. Qxf4+ Ke2 61. Qxg3 1-0

[Event "C.to Mondiale U12"]
[Site "Maribor SLO"]
[Date "2012.11.14"]
[Round "7"]
[White "Moroni, Luca jr"]
[Black "Akhvlediani, Irakli"]
[WhiteElo "2127"]
[BlackElo "1791"]
[Result "1-0"]
[PlyCount "49"]
[EventDate "2012.11.08"]

1. Nf3 d5 2. c4 c6 3. e3 Nf6 4. Nc3 Bg4 5. cxd5 cxd5 6. Qb3 Bxf3 7. Qxb7 Nbd7
8. gxf3 Rb8 9. Qxa7 e5 10. Bb5 Bd6 11. Bxd7+ Nxd7 12. Nxd5 O-O 13. Qa6 Nc5 14.
Qc4 e4 15. fxe4 Qh4 16. d3 Rfc8 17. e5 Nxd3+ 18. Qxd3 Bxe5 19. Rb1 Rd8 20. Bd2
Qg4 21. e4 Bxb2 22. h3 Qg2 23. Ke2 Re8 24. Rhg1 Qh2 25. Bf4 1-0

[Event "C.to Mondiale U12"]
[Site "Maribor SLO"]
[Date "2012.11.15"]
[Round "8"]
[White "Chetrari, Nikita"]
[Black "Carnicelli, Valerio"]
[WhiteElo "1844"]
[BlackElo "2008"]
[Result "1-0"]
[PlyCount "49"]
[EventDate "2012.11.08"]

1. e4 e5 2. Nf3 Nc6 3. Bb5 f5 4. Nc3 fxe4 5. Nxe4 Nf6 6. Nxf6+ gxf6 7. Nh4 Qe7
8. Bc4 d6 9. Qh5+ Kd8 10. O-O Be6 11. Bxe6 Qxe6 12. c3 Be7 13. d4 Kd7 14. Rd1
exd4 15. cxd4 Nxd4 16. Bh6 c5 17. Re1 Qg8 18. Nf5 Nxf5 19. Qxf5+ Kd8 20. Qe4
Qf7 21. Qxb7 Rc8 22. Qxa7 Rg8 23. Rad1 Rc7 24. Qb8+ Kd7 25. Rxe7+ 1-0

[Event "C.to Mondiale U12"]
[Site "Maribor SLO"]
[Date "2012.11.15"]
[Round "8"]
[White "Lazov, Toni"]
[Black "Moroni, Luca jr"]
[WhiteElo "1886"]
[BlackElo "2127"]
[Result "1-0"]
[PlyCount "103"]
[EventDate "2012.11.08"]

1. e4 c5 2. Nf3 d6 3. d4 Nf6 4. Nc3 cxd4 5. Nxd4 a6 6. Be3 e6 7. f3 b5 8. Qd2
Be7 9. g4 Bb7 10. O-O-O Nfd7 11. Kb1 Nb6 12. Qf2 N8d7 13. Nb3 Rc8 14. Bf4 d5
15. exd5 Nxd5 16. Nxd5 Bxd5 17. Bd3 Qb6 18. Be3 Qc7 19. Rhe1 O-O 20. f4 Rfd8
21. g5 Rb8 22. f5 Ne5 23. Bf4 Bd6 24. Bxe5 Bxe5 25. g6 Bf6 26. gxh7+ Kh8 27.
fxe6 Bxe6 28. Qg3 Qb6 29. Qe3 Qc7 30. Qg3 Qe7 31. Rg1 Rdc8 32. h4 Ra8 33. h5 a5
34. h6 g6 35. Bxg6 a4 36. Be4 Qf8 37. Bxa8 Rxa8 38. Qg8+ Qxg8 39. hxg8=Q+ Rxg8
40. Rxg8+ Kxg8 41. Nc5 Bc8 42. Ne4 Be7 43. Nd6 Bxd6 44. Rxd6 Be6 45. Rb6 Bc4
46. b3 axb3 47. axb3 Be2 48. Kc1 Kh7 49. Kd2 Bf1 50. Rf6 Bg2 51. Rxf7+ Kxh6 52.
Rf5 1-0

[Event "C.to Mondiale U12"]
[Site "Maribor SLO"]
[Date "2012.11.16"]
[Round "9"]
[White "Arbore, Daniele"]
[Black "Gombac, Matevz"]
[WhiteElo "1663"]
[BlackElo "1497"]
[Result "0-1"]
[PlyCount "72"]
[EventDate "2012.11.08"]

1. e4 e5 2. Nf3 Nc6 3. Bc4 Bc5 4. c3 Nf6 5. d4 exd4 6. cxd4 Bb4+ 7. Bd2 Bxd2+
8. Nbxd2 O-O 9. d5 Ne7 10. Qb3 d6 11. O-O Ng6 12. Kh1 Re8 13. Bd3 Rb8 14. Rg1
Ne5 15. Nxe5 Rxe5 16. f4 Ng4 17. Rgf1 Rh5 18. Nf3 Rxh2+ 19. Kg1 Rh6 20. e5 dxe5
21. fxe5 Ne3 22. Rf2 Nxd5 23. Bc4 Rb6 24. Qd3 Be6 25. Rd1 c6 26. Bb3 Qe7 27.
Bc2 g6 28. Qd2 Rxb2 29. Qh6 Qf8 30. Qh4 Qc5 31. Ng5 h5 32. Bxg6 Qxf2+ 33. Qxf2
Rxf2 34. Bh7+ Kg7 35. Kxf2 Bg4 36. Rd4 Kh6 0-1

[Event "C.to Mondiale U12"]
[Site "Maribor SLO"]
[Date "2012.11.16"]
[Round "9"]
[White "Carnicelli, Valerio"]
[Black "Wong, Yee Chit"]
[WhiteElo "2008"]
[BlackElo "1863"]
[Result "1/2-1/2"]
[PlyCount "95"]
[EventDate "2012.11.08"]

1. e4 c5 2. Nf3 Nc6 3. d4 cxd4 4. Nxd4 g6 5. Nc3 Bg7 6. Be3 Nf6 7. Nxc6 bxc6 8.
e5 Nd5 9. Nxd5 cxd5 10. Qxd5 Rb8 11. Bc4 O-O 12. O-O Bb7 13. Qd3 Bxe5 14. Bxa7
Rc8 15. Bd4 Bxh2+ 16. Kxh2 Qc7+ 17. Kg1 Qxc4 18. Qxc4 Rxc4 19. c3 f6 20. b3
Rcc8 21. c4 e5 22. Bc3 d5 23. c5 d4 24. Bd2 f5 25. b4 f4 26. b5 Bd5 27. f3 Rf5
28. Rac1 g5 29. c6 Kf7 30. Rc5 Ke6 31. Rfc1 g4 32. b6 gxf3 33. Rxd5 Kxd5 34. c7
Rh5 35. Kf2 Rh2 36. Kxf3 e4+ 37. Kxf4 Rxg2 38. Bb4 Rf2+ 39. Kg3 Rf3+ 40. Kh4
Rf4+ 41. Kg5 Rf2 42. Rc5+ Ke6 43. b7 Rg8+ 44. Kh6 Kf7 45. Rh5 Rf6+ 46. Kxh7
Rg7+ 47. Kh8 Rg8+ 48. Kh7 1/2-1/2

[Event "C.to Mondiale U12"]
[Site "Maribor SLO"]
[Date "2012.11.16"]
[Round "9"]
[White "Moroni, Luca jr"]
[Black "Nguyen, Dang Hong Phuc"]
[WhiteElo "2127"]
[BlackElo "1848"]
[Result "1-0"]
[PlyCount "175"]
[EventDate "2012.11.08"]

1. Nf3 g6 2. c4 Bg7 3. g3 d6 4. d4 Nf6 5. b3 O-O 6. Bb2 Nbd7 7. Bg2 c6 8. O-O
Qc7 9. Nc3 Re8 10. e4 e5 11. d5 c5 12. a3 a6 13. Qe2 Rf8 14. b4 b6 15. Rfb1 Rb8
16. Nd2 Bb7 17. Nb3 Ba8 18. Bc1 Rfc8 19. Bf1 Rb7 20. Bd2 Rcb8 21. Qe1 Ra7 22.
bxc5 bxc5 23. Na4 Rab7 24. Ba5 Qc8 25. Nd2 Bf8 26. Bh3 Qe8 27. Rxb7 Rxb7 28.
Rb1 Qb8 29. Rxb7 Qxb7 30. Qb1 Qxb1+ 31. Nxb1 Be7 32. Nd2 Kf8 33. Nb6 Nxb6 34.
Bxb6 Ke8 35. Bc8 Bf8 36. f3 Bh6 37. Nb3 Be3+ 38. Kf1 Ke7 39. a4 Nd7 40. Bc7 f5
41. Kg2 fxe4 42. fxe4 h5 43. h3 Nf6 44. Kf3 Bh6 45. Bxa6 Kd7 46. Bb8 Bf8 47.
Ba7 Kc7 48. a5 Nd7 49. Nd2 Bb7 50. Bb5 Bc8 51. a6 Nb8 52. Bxb8+ Kxb8 53. Nb3
Ka7 54. Na5 Bxa6 55. Nc6+ Kb6 56. Bxa6 Kxa6 57. g4 Bh6 58. Ne7 Ka5 59. Nxg6
hxg4+ 60. hxg4 Kb4 61. Ne7 Kxc4 62. Nf5 Bf8 63. Ke2 Kb3 64. Kd2 Kb2 65. Kd3 Kb3
66. Ne3 Be7 67. Nc4 Kb4 68. Nd2 Bf6 69. Kc2 Bd8 70. Kd3 Be7 71. Nc4 Kb5 72. Kc3
Ka6 73. Ne3 Kb7 74. Nf5 Bg5 75. Nxd6+ Kc7 76. Nf5 Kd7 77. Kc4 Bf4 78. Kxc5 Bg5
79. d6 Ke6 80. Kc6 Bd8 81. Ne3 Kf7 82. Kd7 Bf6 83. Nc4 Kg6 84. Ke6 Kg5 85. Nxe5
Kf4 86. Kxf6 Kxe4 87. d7 Kd5 88. d8=Q+ 1-0

[Event "C.to Mondiale U12"]
[Site "Maribor SLO"]
[Date "2012.11.17"]
[Round "10"]
[White "Brinovec, David"]
[Black "Carnicelli, Valerio"]
[WhiteElo "1863"]
[BlackElo "2008"]
[Result "0-1"]
[PlyCount "74"]
[EventDate "2012.11.08"]

1. e4 e5 2. Nf3 Nc6 3. Bb5 f5 4. Nc3 fxe4 5. Nxe4 Nf6 6. d3 d5 7. Nxf6+ gxf6 8.
Nh4 Qe7 9. O-O Bd7 10. Re1 O-O-O 11. a4 Rg8 12. c3 d4 13. c4 a6 14. a5 Qe6 15.
g3 axb5 16. cxb5 Na7 17. b6 cxb6 18. axb6 Qxb6 19. Bd2 Nc6 20. Qc2 Bb4 21. Rec1
Bxd2 22. Qxd2 Kc7 23. b4 Ra8 24. Rab1 Kd8 25. Qh6 Ne7 26. Qh5 Ra2 27. Qf7 Qe6
28. Qxh7 b6 29. b5 Qd5 30. Qh6 Qe6 31. Qh7 Ra5 32. Qe4 Qd5 33. Qe1 Nf5 34. Nxf5
Bxf5 35. Qf1 Bc8 36. f3 Bb7 37. Kg2 Ra2+ 0-1

[Event "C.to Mondiale U12"]
[Site "Maribor SLO"]
[Date "2012.11.18"]
[Round "11"]
[White "Arbore, Daniele"]
[Black "Kovacec, Klemen"]
[WhiteElo "1663"]
[BlackElo "1391"]
[Result "1-0"]
[PlyCount "33"]
[EventDate "2012.11.08"]

1. e4 e5 2. Nf3 Nc6 3. Bc4 Bc5 4. c3 Nf6 5. d4 exd4 6. cxd4 Bb4+ 7. Bd2 Bxd2+
8. Nbxd2 d5 9. exd5 Nxd5 10. Qb3 Qe7+ 11. Kf1 O-O 12. Bxd5 Qd6 13. Re1 h6 14.
Bxf7+ Rxf7 15. Re8+ Kh7 16. Qxf7 Nxd4 17. Nh4 1-0

[Event "C.to Mondiale U12"]
[Site "Maribor SLO"]
[Date "2012.11.18"]
[Round "11"]
[White "Carnicelli, Valerio"]
[Black "Fawzy, Adham"]
[WhiteElo "2008"]
[BlackElo "1844"]
[Result "1-0"]
[PlyCount "89"]
[EventDate "2012.11.08"]

1. e4 c5 2. Nf3 Nc6 3. d4 cxd4 4. Nxd4 Nf6 5. Nc3 e5 6. Ndb5 d6 7. Bg5 a6 8.
Bxf6 gxf6 9. Na3 b5 10. Nd5 f5 11. Bxb5 axb5 12. Nxb5 Ra4 13. Nbc7+ Kd7 14. O-O
Rxe4 15. Qh5 Ne7 16. Qxf7 Kc6 17. c4 Qd7 18. Na8 Kb7 19. Nab6 Qd8 20. Nxc8 Qxc8
21. Nxe7 Qc7 22. Qd5+ Kb8 23. Qb5+ Qb7 24. Qxb7+ Kxb7 25. Nxf5 Rxc4 26. Rfd1
Rc6 27. b4 Rb6 28. Rab1 Rg8 29. b5 Rg4 30. Ne3 Ra4 31. Nd5 Rxa2 32. Nxb6 Kxb6
33. Rdc1 Rd2 34. Rc8 Bh6 35. Rb8+ Kc7 36. Rh8 Bg5 37. Rxh7+ Kb6 38. h4 Bf6 39.
Rh6 Be7 40. h5 Bg5 41. Rg6 Be7 42. h6 Rd4 43. g3 Rc4 44. h7 Rc8 45. Rg8 1-0

[Event "C.to Mondiale U12"]
[Site "Maribor SLO"]
[Date "2012.11.18"]
[Round "11"]
[White "Ozen, Bahadir"]
[Black "Moroni, Luca jr"]
[WhiteElo "1908"]
[BlackElo "2127"]
[Result "0-1"]
[PlyCount "139"]
[EventDate "2012.11.08"]

1. d4 d5 2. c4 e6 3. Nc3 c6 4. cxd5 exd5 5. Nf3 Bf5 6. Bg5 Be7 7. Bxe7 Qxe7 8.
e3 Nd7 9. Qb3 Nb6 10. a4 Nc8 11. a5 a6 12. Be2 Nd6 13. O-O Nh6 14. Rfe1 O-O 15.
Ne5 f6 16. Nd3 Nhf7 17. Nc5 Rae8 18. Qd1 Qc7 19. b3 Re7 20. Bd3 Bxd3 21. Qxd3
Rfe8 22. Ne2 g6 23. Ng3 Kg7 24. Rec1 Qb8 25. Ne2 Nf5 26. Nf4 Ng5 27. g3 Ne4 28.
Ng2 h5 29. Nxe4 Rxe4 30. Re1 Qd6 31. Qc3 g5 32. f3 R4e7 33. Kf2 Kh6 34. Qd3 Qd7
35. Rac1 Nd6 36. h4 g4 37. Nf4 f5 38. fxg4 Ne4+ 39. Kg2 fxg4 40. Re2 Qf5 41.
Rce1 Qf6 42. b4 Qf5 43. Qb1 Nxg3 44. Kxg3 Rxe3+ 45. Rxe3 Rxe3+ 46. Rxe3 Qxb1
47. Re6+ Kh7 48. Re7+ Kg8 49. Nxh5 Qd3+ 50. Kf4 Qxd4+ 51. Kg5 Qxb4 52. Rd7 Qd2+
53. Kf5 Qd3+ 54. Ke6 Qe3+ 55. Kf5 Qe4+ 56. Kg5 Qe5+ 57. Kg6 Qe4+ 58. Kg5 Qe3+
59. Kg6 Qe8+ 60. Kg5 Qe3+ 61. Kg6 Qd3+ 62. Kg5 g3 63. Rd8+ Kf7 64. Rd7+ Ke8 65.
Nf6+ Kf8 66. Nh7+ Qxh7 67. Rxh7 g2 68. Kf6 g1=Q 69. Rxb7 Qf2+ 70. Ke6 0-1